Prueba de Navarra - Estadísticas

Estadísticas generales
  • Esta prueba ha sido intentada 37 veces
  • La puntuación promedio es 10 de 16
Estadísticas de respuestas
Pregunta Respuesta % Correcto
Segunda lengua más hablada en la comunidad, siendo particularmente frecuente su uso en la mitad norte. Euskera
100%
Capital de la comunidad y ciudad más poblada. Pamplona/Iruña
100%
Festejos taurinos en pleno verano que suponen uno de los mayores focos de turismo a nivel nacional e internacional de toda España. Fiestas de San Fermín
95%
Cadena montañosa que separa Navarra del país vecino Francia. Pirineos
95%
Dichos festejos comienzan con el lanzamiento de un cohete. Este acto se conoce como... Txupinazo
86%
Área semidesértica en el sureste de la comunidad. Destaca por sus espectaculares de sus barrancos. Bárdenas Reales
71%
Localidad en el norte de la provincia. La leyenda dice que era un lugar clave para las reuniones de brujas, dando lugar a un proceso y posterior ejecución por parte de la inquisición durante el Siglo XVII. Zugarramurdi
71%
Cantante, compositora, música y actriz nacida en la capital. Ganó una edición de Operación Triunfo y ha participado en series como La Mesías o Paquita Salas. Amaia Romero
62%
Localidad en el norte de la provincia. Famosa por sus verdes paisajes y su arquitectura. Sirvió de escenario para una famosa trilogía literaria de género policíaco que fue llevada al cine con gran éxito. Baztán
62%
Área boscosa protegida que hace frontera con Francia. Gran reclamo turístico para senderistas y naturalistas, especialmente durante los meses otoñales en los que el bosque cambia la hoja y el paisaje obtiene distintos colores. Selva de Irati
62%
Término que se cree proviene originalmente de dichas reuniones en esta localidad. Su traducción literal es "el prado del cabrón" Akelarre
38%
Producto de carne picada de cerdo con denominación de origen de esta comunidad. Chistorra
38%
Variedad de queso originaria de Navarra y País Vasco. Se elabora íntegramente con leche cruda de oveja y tiene un sabor intenso con cierto picor. Idiazábal
38%
Grupo de rock and roll originario del barrio de la Txantrea, uno de los más influyentes en la historia del rock en castellano. Sus líderes eran El Drogas y El Boni. Barricada
33%
Variedad de pimiento con denominación de origen de esta comunidad. Piquillo
24%
Plato típico de la cocina navarra que consiste en un pescado de río relleno con lonchas o migas de jamón serrano. Trucha a la Navarra
10%
No se encontraron pruebas coincidentes
Distribución de puntuación
Porcentaje de gente con cada puntuación
Porcentaje por número respondido
Historial de tus puntuaciones
No has intentado esta prueba.